Utopian literature: a selection
Uloženo v:
| Médium: | Kniha |
|---|---|
| Jazyk: | angličtina |
| Vydáno: |
Nueva York
Modern Library
1968
|
| Témata: | |
| Tagy: |
Přidat tag
Žádné tagy, Buďte první, kdo vytvoří štítek k tomuto záznamu!
|
MARC
| LEADER | 00000nam a2200000 a 4500 | ||
|---|---|---|---|
| 001 | UCO4719 | ||
| 003 | CL-VaPUC | ||
| 008 | 000811e19680000US |||||||||||||||||eng|d | ||
| 082 | 0 | 4 | |a 808.88 |b UTO |2 21 |
| 245 | 1 | 0 | |a Utopian literature: a selection |
| 300 | |a 332 p | ||
| 942 | |c BK | ||
| 945 | |d 20000811 00:00:00 |a crobeson | ||
| 260 | |a Nueva York |b Modern Library |c 1968 | ||
| 650 | 0 | |a Literatura universal |9 420446 | |
| 650 | 0 | |a Utopías |9 255961 | |
| 650 | 0 | |a Mitos |9 267117 | |
| 650 | 7 | |a LEYENDAS |2 CL-VaPUC |9 265258 | |
| 650 | 0 | |a Historiografía |9 257871 | |
| 650 | 7 | |a FILOSOFIA POLITICA |2 CL-VaPUC |9 449355 | |
| 650 | 0 | |a Profecías |9 266038 | |
| 650 | 0 | |a Literatura medieval |9 266338 | |
| 650 | 0 | |a Renacimiento |9 255107 | |
| 650 | 0 | |a Ilustración |9 313124 | |
| 650 | 0 | |a Literatura contemporánea |9 321959 | |
| 583 | |a last modification |c 20000811 00:00:00 |k Rodrigo Vera | ||
| 999 | |c 290721 |d 290719 | ||